000 00593nam a2200229Ia 4500
003 OSt
005 20221007075422.0
006 a|||||r|||| 00| 0
007 ta
008 221006b |||||||| |||| 00| 0 eng d
024 _a39,661
037 _cTextual
040 _aFLL
_cFLL
_beng
041 _2eng
_aeng
082 _aZ2,122, P3
100 _aKusum
245 0 _aFamily law lectures , family law 1
260 _aNew Delhi
_bLexis Nexis Butterworths India
_c2003
300 _axxix,575p
_ccm.
942 _hZ2,122, P3
_cTEXL
_2CC
999 _c1156013
_d1156013